Paesi più Vicini alla Spagna - Statistics

Statistiche generali
  • Questo quiz è stato fatto 7.731 volte
    7.730 dall'ultimo reset
  • Il punteggio medio è 16 su 20
Statistiche sulle risposte
km Paese miglia % Corretto
0 Francia 0
100%
334 Italia 208
99%
0 Portogallo 0
99%
0 Andorra 0
97%
0 Marocco 0
95%
671 Germania 417
92%
468 Svizzera 291
91%
0 Gibilterra (Regno Unito) 0
90%
68 Algeria 43
88%
805 Belgio 500
88%
498 Tunisia 310
85%
724 Austria 450
82%
811 Lussemburgo 504
77%
373 Monaco 232
77%
719 Città del Vaticano 447
76%
760 San Marino 472
76%
716 Liechtenstein 445
69%
860 Irlanda 534
66%
314 Mauritania 195
51%
816 Mali 507
44%
Nessun quiz corrispondente trovato
Distribuzione punteggi
Percentuale di utenti per punteggio
Percentile per numero di risposta
I tuoi punteggi nel tempo
Non hai fatto questo quiz dall'ultimo reset